000 01135nam a22002777a 4500
003 CSPC
005 20260115152839.0
008 260115c2014 ph r p ii i 000 0 eng d
040 _aCSPC
_beng
_cCSPC
_erda
245 0 0 _aPhilippine information technology journal.
264 1 _aQuezon City :
_bComputing Society of the Philippines,
_c2014.
300 _avolumes :
_billustrations ;
_c28 cm.
336 _2rdacontent
_atext
337 _2rdamedia
_aunmediated
338 _2rdacarrier
_avolumes
490 1 _3A joint Publication by the Computing Society of the Philippines and the Philippine Society of Information Technology Educators.
504 _aIncludes bibliographical references.
521 _aCollege of Computer Studies (CCS)
650 _aInformation technology
_xPeriodicals.
650 _aComputers
_xPeriodicals.
650 _aComputer science
_xPeriodicals.
650 _aInformation technology
_vPeriodicals.
700 1 _aSioson, Allan A.,
_eeditor.
942 _2ddc
_n0
_cSERIALS
_h004.05
_iP538
_kSER
_m2014
999 _c31506
_d31506